Un guapo del 900 /
Guardado en:
| Autor Principal: | |
|---|---|
| Formato: | Libro |
| Publicado: |
Buenos Aires :
Kapelusz,
1976
|
| Series: | Grandes Obras de la Literatura Universal
|
| Materias: | |
| Etiquetas: |
Agregar Etiqueta
Sin Etiquetas, Sea el primero en etiquetar este registro!
|
| LEADER | 00641nam a22002055a 4500 | ||
|---|---|---|---|
| 001 | CEM.cems002226 | ||
| 005 | 20110415102827.0 | ||
| 008 | 130507s1976##################000#0#####d | ||
| 003 | CEMS | ||
| 082 | 0 | 4 | |a A862.4 |
| 100 | 1 | |a Eichelbaum, Samuel | |
| 245 | 1 | 0 | |a Un guapo del 900 / |c Samuel Eichelbaum ; estudio Preliminar y Notas de Julia Elena Sagaseta |
| 260 | |a Buenos Aires : |b Kapelusz, |c 1976 | ||
| 300 | |a 105 p. | ||
| 490 | 0 | |a Grandes Obras de la Literatura Universal | |
| 653 | |a Literatura | ||
| 653 | |a Literatura argentina | ||
| 653 | |a Teatro | ||
| 653 | |a Teatro argentino | ||
| 859 | |a CEMS |b BIB. CEMS - 11 de abril |h A862.4 |i Ei22 |p 16261.91 |t Ej.1 | ||
